000 00615 a2200181 4500
001 067116
003 OSt
005 20211028165805.0
008
082 _a650.0284
_bK12F
100 1 _aKalakota, Ravi
245 1 _aFrontiers of electronic commerce
_cby Ravi Kalakota and Andrew B. Whinston
260 _aNew Delhi
_bPearson
_c2009
300 _a864p.
690 _aInternet; Electronic commerce; Management--Computer network resources; Business enterprises--Computer network resources; Management; Business enterprises
700 _aWhinston, Andrew B.
942 _2ddc
_cBK
999 _c1098
_d1098